LEADER 01078nam a2200277 4500 001 000000349350 003 CaOOAMICUS 005 20220228120345.0 008 220202s2008 it 000 u ita r 020 $a978-88-06-19474-1 040 $aSeMil$bita 100 1 $aAuster, Paul,$d<1947- >.$0(OLS)http://semarc/name/30136 240 10$aMan in the dark.$0(OLS)http://semarc/title/438917 245 10$aUomo nel buio /$cPaul Auster ; traduzione di Massimo Bocchiola. 264 1$aTorino :$bEinaudi,$c2008. 300 $a152 p. ;$c23 cm 541 0 $aOmaggio card. Angelo Scola (1T II 3) 700 1 $aBocchiola, Massimo,$d<1957- >.$0(OLS)http://semarc/name/37256 850 $aSeMil 852 $aSeMil$W1$xVenegono$y1$m1T II 3$j231924$B240413$CSeMilBibl$Z2$F240413 $81 941 1 $a6 961 $aOmaggio card. Angelo Scola 996 $6020$a978-88-06-19474-1$9(OLS)http://semarc/number/295225 996 $6245$aUomo nel buio$9(OLS)http://semarc/title/438918 996 $6264$aTorino :$bEinaudi$9(OLS)http://semarc/publisher/29884 LEADER 01076nam a2200253 i 4500 001 000000179201 003 CaOOAMICUS 005 20090529000000.0 008 090529s1999 it u000 u ita u 013 $a156777 020 $a88-7610-776-2 040 $aSeMil$bita 100 1 $aZani, Lorenzo.$0(OLS)http://semarc/name/49602 245 10$aPrendete e mangiate :$bL'eucaristia nel Vangelo di Luca /$cLorenzo Zani. 260 $aMilano :$bÀncora,$ccopyr. 1999. 300 $a103 p. ;$c19 cm. 650 4$aEucaristia - Meditazioni.$0(OLS)http://semarc/subject/1553 650 4$aBibbia. Nuovo Testamento. Vangelo secondo Luca - Eucaristia.$0(OLS)http://semarc/subject/20831 850 $aSeMil 852 $aSeMil$W1$xVenegono$y1$m3F II 484$j129966$B129966$CSeMilBibl$Z2$F142622 $81 961 $aOmaggio: Marelli mons. Giacomo 996 $6020$a88-7610-776-2$9(OLS)http://semarc/number/168334 996 $6245$aPrendete e mangiate :$bL'eucaristia nel Vangelo di Luca$9(OLS)http://semarc/title/257326 996 $6260$aMilano :$bÀncora$9(OLS)http://semarc/publisher/29763